[Event "ODJM A 2022"]
[Site "Willingen GER"]
[Date "2022.06.09"]
[Round "7"]
[White "Koll, Linus"]
[Black "Köhler, Lukas"]
[Result "1/2-1/2"]
[Termination "normal"]
[Board "10"]
[WhiteElo "1989"]
[BlackElo "2099"]
[WhiteClock "00:46:09"]
[BlackClock "00:31:20"]
[PlyCount "50"]
[WhiteFideId "12990299"]
[BlackFideId "16221990"]
[EventCountry "GER"]
[EventRounds "9"]
[EventType "swiss"]
[EventDate "2022.06.04"]

1. e4 {[%clk 1:30:59]} c6 {[%clk 1:30:51]} 2. Nf3 {[%clk 1:31:25]} d5 {[%clk
1:31:15]} 3. exd5 {[%clk 1:31:51]} cxd5 {[%clk 1:31:39]} 4. Ne5 {[%clk
1:32:18]} a6 {[%clk 1:32:01]} 5. d4 {[%clk 1:32:39]} Nc6 {[%clk 1:32:24]} 6. c3
{[%clk 1:30:41]} Nxe5 {[%clk 1:32:36]} 7. dxe5 {[%clk 1:31:03]} Bf5 {[%clk
1:32:55]} 8. Qa4+ {[%clk 1:25:16]} Qd7 {[%clk 1:28:54]} 9. Qxd7+ {[%clk
1:25:35]} Bxd7 {[%clk 1:28:44]} 10. Be3 {[%clk 1:21:12]} f6 {[%clk 1:15:52]}
11. exf6 {[%clk 1:09:42]} gxf6 {[%clk 1:12:35]} 12. c4 {[%clk 1:09:59]} dxc4
{[%clk 1:11:23]} 13. Bxc4 {[%clk 1:10:24]} Rc8 {[%clk 1:09:44]} 14. Be2 {[%clk
1:09:20]} Bh6 {[%clk 1:07:45]} 15. Nc3 {[%clk 1:04:21]} Bxe3 {[%clk 1:05:03]}
16. Bh5+ {[%clk 1:04:38]} Kf8 {[%clk 1:04:56]} 17. fxe3 {[%clk 1:05:02]} e6
{[%clk 0:53:29]} 18. O-O {[%clk 0:54:55]} Ke7 {[%clk 0:51:24]} 19. Ne4 {[%clk
0:53:48]} Bc6 {[%clk 0:49:55]} 20. Ng3 {[%clk 0:47:22]} Nh6 {[%clk 0:47:58]}
21. Rf2 {[%clk 0:47:05]} Rhf8 {[%clk 0:45:02]} 22. Rd2 {[%clk 0:47:01]} Rcd8
{[%clk 0:44:49]} 23. Rad1 {[%clk 0:47:23]} Rxd2 {[%clk 0:44:37]} 24. Rxd2
{[%clk 0:47:49]} Rg8 {[%clk 0:38:52]} 25. Bf3 {[%clk 0:46:09]} Bxf3 {[%clk
0:31:20]} 1/2-1/2

[Event "ODJM A 2022"]
[Site "Willingen GER"]
[Date "2022.06.09"]
[Round "7"]
[White "Kracht, Raphael"]
[Black "Brunner, Tobias"]
[Result "0-1"]
[Termination "normal"]
[Board "11"]
[WhiteElo "2086"]
[BlackElo "2007"]
[WhiteClock "00:14:47"]
[BlackClock "00:07:31"]
[PlyCount "88"]
[WhiteFideId "16214382"]
[BlackFideId "12949833"]
[EventCountry "GER"]
[EventRounds "9"]
[EventType "swiss"]
[EventDate "2022.06.04"]

1. e4 {[%clk 1:30:55]} c6 {[%clk 1:30:53]} 2. Ne2 {[%clk 1:31:04]} d5 {[%clk
1:29:40]} 3. e5 {[%clk 1:28:58]} c5 {[%clk 1:27:52]} 4. d4 {[%clk 1:29:14]} Nc6
{[%clk 1:28:16]} 5. c3 {[%clk 1:25:35]} Bf5 {[%clk 1:26:39]} 6. Ng3 {[%clk
1:25:11]} Bxb1 {[%clk 1:26:54]} 7. Rxb1 {[%clk 1:25:36]} e6 {[%clk 1:27:12]} 8.
a3 {[%clk 1:22:48]} Qb6 {[%clk 1:26:05]} 9. Be3 {[%clk 1:20:09]} cxd4 {[%clk
1:22:32]} 10. cxd4 {[%clk 1:20:28]} g6 {[%clk 1:17:54]} 11. Bd3 {[%clk
1:16:14]} Bg7 {[%clk 1:16:51]} 12. h4 {[%clk 1:12:54]} h5 {[%clk 1:13:45]} 13.
Ne2 {[%clk 1:12:43]} Nh6 {[%clk 1:12:49]} 14. f3 {[%clk 1:11:25]} Nxe5 {[%clk
1:03:52]} 15. Bf2 {[%clk 0:53:20]} Nxd3+ {[%clk 0:57:14]} 16. Qxd3 {[%clk
0:53:44]} O-O {[%clk 0:57:28]} 17. O-O {[%clk 0:52:17]} Rac8 {[%clk 0:57:12]}
18. b3 {[%clk 0:50:02]} Rc6 {[%clk 0:54:37]} 19. Rfc1 {[%clk 0:46:58]} Rfc8
{[%clk 0:54:53]} 20. Rc5 {[%clk 0:47:16]} Bf8 {[%clk 0:50:05]} 21. Rb5 {[%clk
0:44:15]} Qc7 {[%clk 0:46:44]} 22. Bg3 {[%clk 0:43:55]} Qd7 {[%clk 0:42:50]}
23. Be5 {[%clk 0:43:13]} a6 {[%clk 0:40:36]} 24. Ra5 {[%clk 0:42:41]} Qd8
{[%clk 0:40:29]} 25. b4 {[%clk 0:42:03]} Qxh4 {[%clk 0:30:53]} 26. b5 {[%clk
0:40:59]} axb5 {[%clk 0:30:17]} 27. Raxb5 {[%clk 0:41:21]} Ra6 {[%clk 0:28:32]}
28. R1b3 {[%clk 0:37:19]} Rca8 {[%clk 0:24:37]} 29. Bg3 {[%clk 0:26:23]} Qd8
{[%clk 0:20:34]} 30. Rxb7 {[%clk 0:25:32]} Rxa3 {[%clk 0:18:49]} 31. Rxa3 Rxa3
{[%clk 0:19:10]} 32. Qb5 {[%clk 0:25:27]} Ra1+ {[%clk 0:18:08]} 33. Kf2 {[%clk
0:23:31]} Qf6 {[%clk 0:17:38]} 34. Bf4 {[%clk 0:22:05]} g5 {[%clk 0:14:41]} 35.
Qb2 {[%clk 0:22:25]} Rh1 {[%clk 0:13:18]} 36. Ng3 {[%clk 0:17:49]} Ng4+ {[%clk
0:11:34]} 37. Ke2 {[%clk 0:17:45]} Rh2 {[%clk 0:08:27]} 38. Nxh5 {[%clk
0:16:50]} Rxh5 {[%clk 0:08:36]} 39. fxg4 {[%clk 0:17:13]} Rh1 {[%clk 0:08:59]}
40. Bg3 {[%clk 0:16:54]} Qg6 {[%clk 0:08:08]} 41. Kf2 Qd3 {[%clk 0:07:47]} 42.
Qe2 {[%clk 0:14:32]} Qxd4+ {[%clk 0:07:45]} 43. Qe3 {[%clk 0:14:47]} Rf1+
{[%clk 0:07:31]} 44. Ke2 Re1+ 0-1

[Event "ODJM A 2022"]
[Site "Willingen GER"]
[Date "2022.06.09"]
[Round "7"]
[White "François, Yannick"]
[Black "Lohr, Maximilian"]
[Result "1/2-1/2"]
[Termination "normal"]
[Board "12"]
[WhiteElo "1867"]
[BlackElo "2080"]
[WhiteClock "01:05:51"]
[BlackClock "00:30:33"]
[PlyCount "56"]
[WhiteFideId "16200918"]
[BlackFideId "12999717"]
[EventCountry "GER"]
[EventRounds "9"]
[EventType "swiss"]
[EventDate "2022.06.04"]

1. c4 {[%clk 1:30:57]} e5 {[%clk 1:30:54]} 2. Nc3 {[%clk 1:31:19]} Bb4 {[%clk
1:31:20]} 3. Nd5 {[%clk 1:31:23]} Bc5 {[%clk 1:31:41]} 4. e3 {[%clk 1:29:36]}
c6 {[%clk 1:32:06]} 5. Nc3 {[%clk 1:29:38]} d5 {[%clk 1:32:12]} 6. cxd5 {[%clk
1:29:07]} cxd5 {[%clk 1:32:37]} 7. d4 {[%clk 1:29:14]} exd4 {[%clk 1:32:59]} 8.
exd4 {[%clk 1:29:33]} Be7 {[%clk 1:32:31]} 9. Nf3 {[%clk 1:28:06]} Nf6 {[%clk
1:32:00]} 10. Be2 {[%clk 1:26:27]} Nc6 {[%clk 1:32:02]} 11. O-O {[%clk
1:26:27]} O-O {[%clk 1:31:42]} 12. Re1 {[%clk 1:25:08]} Ne4 {[%clk 1:27:18]}
13. Ne5 {[%clk 1:21:44]} Nxc3 {[%clk 1:24:07]} 14. bxc3 {[%clk 1:22:03]} Nxe5
{[%clk 1:24:19]} 15. dxe5 {[%clk 1:22:28]} Be6 {[%clk 1:24:16]} 16. Be3 {[%clk
1:22:16]} f5 {[%clk 1:13:07]} 17. exf6 {[%clk 1:18:58]} Bxf6 {[%clk 1:13:30]}
18. Bd4 {[%clk 1:19:14]} Qd7 {[%clk 0:54:30]} 19. Bf3 {[%clk 1:18:16]} Kh8
{[%clk 0:54:21]} 20. Rb1 {[%clk 1:16:38]} Bg8 {[%clk 0:49:43]} 21. Qd3 {[%clk
1:13:04]} b6 {[%clk 0:47:24]} 22. Bxf6 {[%clk 1:11:10]} Rxf6 {[%clk 0:47:15]}
23. c4 {[%clk 1:11:24]} Rd6 {[%clk 0:46:11]} 24. Rbd1 {[%clk 1:11:20]} Rd8
{[%clk 0:41:17]} 25. cxd5 {[%clk 1:11:23]} h6 {[%clk 0:41:30]} 26. Re5 {[%clk
1:08:31]} Qa4 {[%clk 0:38:13]} 27. Qb3 {[%clk 1:05:31]} Qxb3 {[%clk 0:31:47]}
28. axb3 {[%clk 1:05:51]} a5 {[%clk 0:30:33]} 1/2-1/2

[Event "ODJM A 2022"]
[Site "Willingen GER"]
[Date "2022.06.09"]
[Round "7"]
[White "Hofmann, Lorenz"]
[Black "Jenner, Meikel"]
[Result "1-0"]
[Termination "normal"]
[Board "13"]
[WhiteElo "2056"]
[BlackElo "1981"]
[WhiteClock "00:32:17"]
[BlackClock "00:47:05"]
[PlyCount "63"]
[WhiteFideId "12995509"]
[BlackFideId "16245342"]
[EventCountry "GER"]
[EventRounds "9"]
[EventType "swiss"]
[EventDate "2022.06.04"]

1. d4 {[%clk 1:30:59]} d5 {[%clk 1:30:55]} 2. Nc3 {[%clk 1:31:25]} Nf6 {[%clk
1:29:55]} 3. Bf4 {[%clk 1:31:44]} c6 {[%clk 1:29:37]} 4. e3 {[%clk 1:32:04]} g6
{[%clk 1:28:31]} 5. Qd2 {[%clk 1:29:24]} Bg7 {[%clk 1:28:30]} 6. f3 {[%clk
1:28:42]} Nh5 {[%clk 1:26:32]} 7. Bg5 {[%clk 1:27:39]} f6 {[%clk 1:25:15]} 8.
Bh4 {[%clk 1:27:52]} Bh6 {[%clk 1:25:10]} 9. f4 {[%clk 1:25:19]} Qd6 {[%clk
1:17:23]} 10. Bg3 {[%clk 1:10:22]} b5 {[%clk 1:05:36]} 11. Be2 {[%clk 1:07:21]}
Nxg3 {[%clk 1:05:43]} 12. hxg3 {[%clk 1:07:50]} Bg7 {[%clk 1:06:06]} 13. Bd3
{[%clk 0:59:04]} e5 {[%clk 1:05:01]} 14. Rxh7 {[%clk 0:54:55]} Rxh7 {[%clk
1:04:04]} 15. Bxg6+ {[%clk 0:54:51]} Kf8 {[%clk 1:04:04]} 16. Bxh7 {[%clk
0:50:47]} f5 {[%clk 1:04:24]} 17. g4 {[%clk 0:50:05]} exd4 {[%clk 1:01:44]} 18.
exd4 {[%clk 0:50:20]} fxg4 {[%clk 0:59:16]} 19. O-O-O {[%clk 0:50:17]} Nd7
{[%clk 0:58:50]} 20. Kb1 {[%clk 0:41:37]} Nf6 {[%clk 0:58:17]} 21. Bd3 {[%clk
0:39:48]} a5 {[%clk 0:57:49]} 22. Nge2 {[%clk 0:37:48]} a4 {[%clk 0:57:44]} 23.
a3 {[%clk 0:35:53]} b4 {[%clk 0:52:40]} 24. axb4 {[%clk 0:36:17]} a3 {[%clk
0:53:04]} 25. b3 {[%clk 0:36:19]} a2+ {[%clk 0:51:13]} 26. Nxa2 {[%clk
0:36:41]} Qc7 {[%clk 0:49:19]} 27. Rh1 {[%clk 0:36:16]} Qa7 {[%clk 0:48:23]}
28. c3 {[%clk 0:36:35]} Ne4 {[%clk 0:48:03]} 29. Bxe4 {[%clk 0:35:49]} dxe4
{[%clk 0:48:28]} 30. f5 {[%clk 0:32:18]} Bxf5 {[%clk 0:47:54]} 31. Rf1 {[%clk
0:32:08]} Qf7 {[%clk 0:47:05]} 32. Qc2 {[%clk 0:32:17]} 1-0

[Event "ODJM A 2022"]
[Site "Willingen GER"]
[Date "2022.06.09"]
[Round "7"]
[White "Weigand, Anton"]
[Black "Irkilmez, Yakub"]
[Result "1/2-1/2"]
[Termination "normal"]
[Board "14"]
[WhiteElo "1872"]
[BlackElo "2169"]
[WhiteClock "00:10:23"]
[BlackClock "00:01:52"]
[PlyCount "134"]
[WhiteFideId "16221915"]
[BlackFideId "16204581"]
[EventCountry "GER"]
[EventRounds "9"]
[EventType "swiss"]
[EventDate "2022.06.04"]

1. e4 {[%clk 1:30:55]} e6 {[%clk 1:30:53]} 2. d4 {[%clk 1:31:20]} d5 {[%clk
1:31:20]} 3. Bd3 {[%clk 1:31:40]} dxe4 {[%clk 1:31:45]} 4. Bxe4 {[%clk
1:32:03]} Nf6 {[%clk 1:32:09]} 5. Bf3 {[%clk 1:32:27]} c5 {[%clk 1:32:32]} 6.
Ne2 {[%clk 1:32:34]} Nc6 {[%clk 1:32:56]} 7. Be3 {[%clk 1:32:57]} e5 {[%clk
1:33:18]} 8. Bxc6+ {[%clk 1:18:29]} bxc6 {[%clk 1:30:58]} 9. c3 {[%clk
1:13:13]} cxd4 {[%clk 1:14:07]} 10. cxd4 {[%clk 1:13:34]} c5 {[%clk 1:13:46]}
11. dxc5 {[%clk 1:05:36]} Qxd1+ {[%clk 1:12:46]} 12. Kxd1 {[%clk 1:05:51]} Nd5
{[%clk 1:10:40]} 13. c6 {[%clk 1:01:38]} Nxe3+ {[%clk 1:01:03]} 14. fxe3 {[%clk
1:02:01]} Ba6 {[%clk 0:57:58]} 15. c7 {[%clk 0:54:35]} Rc8 {[%clk 0:57:10]} 16.
Nec3 {[%clk 0:52:26]} Rxc7 {[%clk 0:55:53]} 17. Kc2 {[%clk 0:46:12]} Be7 {[%clk
0:50:33]} 18. Rd1 {[%clk 0:44:40]} O-O {[%clk 0:49:44]} 19. Nd2 {[%clk
0:43:58]} Rb8 {[%clk 0:38:44]} 20. Rac1 {[%clk 0:39:58]} Bg5 {[%clk 0:27:13]}
21. e4 {[%clk 0:34:20]} Be2 {[%clk 0:22:38]} 22. Re1 {[%clk 0:34:36]} Bxd2
{[%clk 0:19:43]} 23. Kxd2 {[%clk 0:34:57]} Rxb2+ {[%clk 0:20:02]} 24. Rc2
{[%clk 0:34:18]} Rxc2+ {[%clk 0:17:48]} 25. Kxc2 {[%clk 0:32:29]} Bc4 {[%clk
0:16:48]} 26. a3 {[%clk 0:31:36]} f6 {[%clk 0:15:23]} 27. Rd1 {[%clk 0:31:05]}
Kf7 {[%clk 0:15:27]} 28. Kd2 {[%clk 0:29:53]} Bb3 {[%clk 0:12:08]} 29. Rc1
{[%clk 0:27:20]} Rd7+ {[%clk 0:09:29]} 30. Ke3 {[%clk 0:27:31]} Rc7 {[%clk
0:05:29]} 31. Na2 {[%clk 0:25:41]} Rxc1 {[%clk 0:05:03]} 32. Nxc1 {[%clk
0:26:02]} Bc4 {[%clk 0:05:27]} 33. Kd2 {[%clk 0:26:16]} Ke6 {[%clk 0:04:57]}
34. Kc3 {[%clk 0:24:23]} Bf1 {[%clk 0:05:24]} 35. g3 {[%clk 0:24:35]} g6 {[%clk
0:05:32]} 36. Nb3 {[%clk 0:24:26]} f5 {[%clk 0:05:48]} 37. Nd2 {[%clk 0:24:07]}
Bg2 {[%clk 0:05:13]} 38. exf5+ {[%clk 0:24:24]} gxf5 {[%clk 0:05:26]} 39. Kc4
{[%clk 0:21:30]} f4 {[%clk 0:04:26]} 40. Kd3 {[%clk 0:17:32]} Kf5 {[%clk
0:03:34]} 41. gxf4 {[%clk 0:16:35]} exf4 {[%clk 0:03:31]} 42. Ke2 {[%clk
0:14:50]} Bd5 {[%clk 0:02:06]} 43. Nb1 {[%clk 0:11:19]} Bc6 {[%clk 0:21:19]}
44. Nd2 {[%clk 0:36:55]} Ke5 {[%clk 0:19:03]} 45. Kd3 {[%clk 0:23:57]} Bb5+
{[%clk 0:16:21]} 46. Kc3 {[%clk 0:24:12]} Kf5 {[%clk 0:15:45]} 47. Kd4 {[%clk
0:24:00]} Bc6 {[%clk 0:08:23]} 48. Nc4 {[%clk 0:23:09]} Bg2 {[%clk 0:08:35]}
49. Ne5 {[%clk 0:21:51]} Bf1 {[%clk 0:05:58]} 50. Kd5 {[%clk 0:18:37]} f3
{[%clk 0:05:51]} 51. Kd4 {[%clk 0:18:59]} Kf4 {[%clk 0:06:14]} 52. Nd3+ {[%clk
0:19:22]} h5 {[%clk 0:01:57]} 53. Nb2 {[%clk 0:19:30]} h4 {[%clk 0:01:25]} 54.
Nd1 {[%clk 0:19:42]} f2 {[%clk 0:01:25]} 55. Nxf2 {[%clk 0:20:02]} Kf3 {[%clk
0:01:48]} 56. Nd1 {[%clk 0:19:27]} Kg2 57. Ne3+ {[%clk 0:12:38]} Kg1 {[%clk
0:01:29]} 58. Nf5 {[%clk 0:11:34]} h3 {[%clk 0:01:47]} 59. Ke3 {[%clk 0:11:46]}
Kxh2 {[%clk 0:01:08]} 60. Ng3 {[%clk 0:10:37]} Bg2 {[%clk 0:01:03]} 61. Ne2
{[%clk 0:09:15]} Bc6 {[%clk 0:01:24]} 62. Kf2 {[%clk 0:09:25]} Bb7 63. Nd4
{[%clk 0:09:20]} Be4 {[%clk 0:01:14]} 64. Ne2 {[%clk 0:09:40]} Bd5 {[%clk
0:01:12]} 65. Nd4 {[%clk 0:09:53]} Bb7 {[%clk 0:01:37]} 66. Ne2 {[%clk
0:10:08]} a6 {[%clk 0:01:52]} 67. Nd4 {[%clk 0:10:23]} Bc8 1/2-1/2

[Event "ODJM A 2022"]
[Site "Willingen GER"]
[Date "2022.06.09"]
[Round "7"]
[White "Metzinger, Hannes"]
[Black "Kotyk, Michael"]
[Result "1/2-1/2"]
[Termination "normal"]
[Board "15"]
[WhiteElo "1845"]
[BlackElo "2197"]
[WhiteClock "00:05:44"]
[BlackClock "00:22:13"]
[PlyCount "89"]
[WhiteFideId "16239350"]
[BlackFideId "16214501"]
[EventCountry "GER"]
[EventRounds "9"]
[EventType "swiss"]
[EventDate "2022.06.04"]

1. c4 {[%clk 1:30:37]} e6 {[%clk 1:29:08]} 2. e4 {[%clk 1:30:27]} d5 {[%clk
1:29:27]} 3. exd5 {[%clk 1:30:51]} exd5 {[%clk 1:29:53]} 4. d4 {[%clk 1:31:14]}
Nf6 {[%clk 1:29:47]} 5. Nc3 {[%clk 1:31:37]} Be7 {[%clk 1:28:41]} 6. Bd3 {[%clk
1:31:58]} dxc4 {[%clk 1:29:06]} 7. Bxc4 {[%clk 1:32:21]} O-O {[%clk 1:29:22]}
8. Nf3 {[%clk 1:32:09]} Bg4 {[%clk 1:27:57]} 9. Be3 {[%clk 1:29:04]} Nbd7
{[%clk 1:25:08]} 10. O-O {[%clk 1:28:56]} Nb6 {[%clk 1:25:22]} 11. Bb3 {[%clk
1:29:14]} c6 {[%clk 1:25:39]} 12. h3 {[%clk 1:29:10]} Bh5 {[%clk 1:25:26]} 13.
g4 {[%clk 1:22:22]} Bg6 {[%clk 1:25:51]} 14. Ne5 {[%clk 1:22:44]} Nfd5 {[%clk
1:21:38]} 15. Qe2 {[%clk 1:19:03]} a5 {[%clk 1:16:39]} 16. f4 {[%clk 1:14:23]}
a4 {[%clk 1:16:09]} 17. Bxd5 {[%clk 1:10:32]} Nxd5 {[%clk 1:16:29]} 18. f5
{[%clk 1:10:57]} f6 {[%clk 1:10:22]} 19. Nxg6 {[%clk 1:10:00]} hxg6 {[%clk
1:10:46]} 20. fxg6 {[%clk 1:10:26]} Qe8 {[%clk 1:04:13]} 21. Nxd5 {[%clk
1:09:46]} cxd5 {[%clk 1:04:42]} 22. Qd3 {[%clk 1:09:32]} Bb4 {[%clk 1:03:41]}
23. Rac1 {[%clk 0:56:50]} Qe6 {[%clk 0:59:33]} 24. Bf4 {[%clk 0:34:45]} Rfe8
{[%clk 0:48:57]} 25. Rc7 {[%clk 0:27:17]} Qe4 {[%clk 0:45:42]} 26. Qxe4 {[%clk
0:26:57]} Rxe4 {[%clk 0:46:11]} 27. Rxb7 {[%clk 0:27:09]} Rxd4 {[%clk 0:46:33]}
28. g5 {[%clk 0:26:49]} Rf8 {[%clk 0:44:53]} 29. gxf6 {[%clk 0:20:39]} Rxf6
{[%clk 0:45:12]} 30. Rb8+ {[%clk 0:17:28]} Rf8 {[%clk 0:40:41]} 31. Be5 {[%clk
0:16:13]} Rxb8 {[%clk 0:38:43]} 32. Bxd4 {[%clk 0:16:37]} Rc8 {[%clk 0:38:26]}
33. Rf7 {[%clk 0:16:11]} Bf8 {[%clk 0:38:55]} 34. Rf5 {[%clk 0:10:52]} Rc4
{[%clk 0:39:16]} 35. Be5 {[%clk 0:09:41]} d4 {[%clk 0:34:31]} 36. Kf1 {[%clk
0:07:02]} Rc1+ {[%clk 0:33:29]} 37. Ke2 {[%clk 0:05:11]} Rc2+ {[%clk 0:33:58]}
38. Kd3 {[%clk 0:05:35]} Rxb2 {[%clk 0:34:26]} 39. Bxd4 {[%clk 0:05:31]} Rxa2
{[%clk 0:29:56]} 40. Ra5 {[%clk 0:05:33]} Ra3+ {[%clk 0:23:59]} 41. Ke4 {[%clk
0:05:45]} Rg3 {[%clk 0:23:03]} 42. Rxa4 {[%clk 0:04:36]} Rxg6 {[%clk 0:23:24]}
43. Ra8 {[%clk 0:04:58]} Kf7 {[%clk 0:22:10]} 44. Ra7+ {[%clk 0:05:20]} Kg8
{[%clk 0:22:13]} 45. Ra8 {[%clk 0:05:44]} 1/2-1/2

[Event "ODJM A 2022"]
[Site "Willingen GER"]
[Date "2022.06.09"]
[Round "7"]
[White "Kruse, Victor"]
[Black "Fuchs, Florian"]
[Result "1-0"]
[Termination "normal"]
[Board "16"]
[WhiteElo "1733"]
[BlackElo "1920"]
[WhiteClock "00:06:28"]
[BlackClock "00:03:21"]
[PlyCount "97"]
[WhiteFideId "16256964"]
[BlackFideId "16213351"]
[EventCountry "GER"]
[EventRounds "9"]
[EventType "swiss"]
[EventDate "2022.06.04"]

1. d4 {[%clk 1:30:57]} d5 {[%clk 1:30:38]} 2. c4 {[%clk 1:31:09]} e6 {[%clk
1:30:44]} 3. Nf3 {[%clk 1:31:32]} c6 {[%clk 1:30:43]} 4. e3 {[%clk 1:30:34]} f5
{[%clk 1:30:39]} 5. Nc3 {[%clk 1:30:32]} Nf6 {[%clk 1:30:42]} 6. b3 {[%clk
1:30:21]} Bd6 {[%clk 1:30:52]} 7. Bb2 {[%clk 1:24:05]} O-O {[%clk 1:29:12]} 8.
Rc1 {[%clk 1:23:22]} Nbd7 {[%clk 1:27:36]} 9. Bd3 {[%clk 1:19:55]} Ne4 {[%clk
1:25:38]} 10. O-O {[%clk 1:17:59]} Qf6 {[%clk 1:21:54]} 11. Ne2 {[%clk
1:15:29]} Qh6 {[%clk 1:05:16]} 12. Rc2 {[%clk 0:43:35]} Ndf6 {[%clk 1:03:44]}
13. Qc1 {[%clk 0:40:03]} Ng5 {[%clk 1:00:46]} 14. Ng3 {[%clk 0:13:11]} Ng4
{[%clk 1:00:51]} 15. h4 {[%clk 0:12:32]} Nxf3+ {[%clk 0:47:08]} 16. gxf3 {[%clk
0:12:54]} Bxg3 {[%clk 0:43:35]} 17. fxg4 {[%clk 0:12:48]} Bxh4 {[%clk 0:39:36]}
18. f4 {[%clk 0:10:02]} fxg4 {[%clk 0:38:31]} 19. Ba3 {[%clk 0:10:05]} Rf7
{[%clk 0:36:12]} 20. Rh2 {[%clk 0:09:38]} g3 {[%clk 0:29:41]} 21. Rh1 {[%clk
0:09:47]} e5 {[%clk 0:28:26]} 22. dxe5 {[%clk 0:08:59]} Bf5 {[%clk 0:23:01]}
23. Bxf5 {[%clk 0:07:23]} Rxf5 {[%clk 0:23:26]} 24. Qc2 {[%clk 0:07:46]} Rh5
{[%clk 0:17:05]} 25. Kg2 {[%clk 0:08:06]} Qg6 {[%clk 0:10:47]} 26. Qxg6 {[%clk
0:07:08]} hxg6 {[%clk 0:11:13]} 27. cxd5 {[%clk 0:07:33]} cxd5 {[%clk 0:11:40]}
28. Rd1 {[%clk 0:07:47]} Rc8 {[%clk 0:11:14]} 29. Rc1 {[%clk 0:07:19]} Rc6
{[%clk 0:08:21]} 30. Rxc6 {[%clk 0:06:50]} bxc6 {[%clk 0:08:46]} 31. Rc1 {[%clk
0:07:07]} g5 {[%clk 0:07:28]} 32. Rxc6 {[%clk 0:06:45]} d4 {[%clk 0:07:53]} 33.
e6 {[%clk 0:06:13]} gxf4 {[%clk 0:03:42]} 34. Rc8+ {[%clk 0:05:28]} Kh7 {[%clk
0:04:07]} 35. exf4 {[%clk 0:05:09]} Ra5 {[%clk 0:02:16]} 36. e7 {[%clk
0:04:34]} Bxe7 {[%clk 0:02:39]} 37. Bxe7 {[%clk 0:05:00]} Rxa2+ {[%clk
0:03:05]} 38. Kxg3 {[%clk 0:05:17]} a5 {[%clk 0:03:02]} 39. Rd8 {[%clk
0:04:40]} Rb2 {[%clk 0:02:52]} 40. Rxd4 {[%clk 0:04:48]} Rxb3+ {[%clk 0:03:17]}
41. Kg4 {[%clk 0:05:10]} Rb6 {[%clk 0:02:04]} 42. Ra4 {[%clk 0:05:24]} g6
{[%clk 0:02:15]} 43. Rxa5 {[%clk 0:05:38]} Rc6 {[%clk 0:02:09]} 44. Kg5 {[%clk
0:05:53]} Rb6 {[%clk 0:02:24]} 45. Bf6 {[%clk 0:05:44]} Rb7 {[%clk 0:02:41]}
46. Re5 {[%clk 0:06:00]} Rb4 {[%clk 0:02:34]} 47. Re7+ {[%clk 0:06:19]} Kg8
{[%clk 0:02:57]} 48. Kxg6 {[%clk 0:06:28]} Rxf4 {[%clk 0:03:21]} 49. Re8# 1-0

[Event "ODJM A 2022"]
[Site "Willingen GER"]
[Date "2022.06.09"]
[Round "7"]
[White "Frohnhäuser, Simon"]
[Black "Sabirov, Rafael"]
[Result "1-0"]
[Termination "normal"]
[Board "18"]
[WhiteElo "1944"]
[BlackElo "1704"]
[WhiteClock "00:07:16"]
[BlackClock "00:00:58"]
[PlyCount "85"]
[WhiteFideId "16208528"]
[BlackFideId "16241185"]
[EventCountry "GER"]
[EventRounds "9"]
[EventType "swiss"]
[EventDate "2022.06.04"]

1. e4 {[%clk 1:30:57]} c5 {[%clk 1:30:57]} 2. Nf3 {[%clk 1:31:22]} e6 {[%clk
1:31:25]} 3. d4 {[%clk 1:31:45]} cxd4 {[%clk 1:31:52]} 4. Nxd4 {[%clk 1:32:06]}
a6 {[%clk 1:32:22]} 5. Nc3 {[%clk 1:32:27]} Qc7 {[%clk 1:32:49]} 6. Bd3 {[%clk
1:32:50]} Nf6 {[%clk 1:33:10]} 7. Qe2 {[%clk 1:33:14]} d6 {[%clk 1:32:52]} 8.
f4 {[%clk 1:33:39]} Nbd7 {[%clk 1:32:18]} 9. g4 {[%clk 1:34:04]} g6 {[%clk
1:07:40]} 10. g5 {[%clk 1:33:23]} Nh5 {[%clk 1:01:57]} 11. Bd2 {[%clk 1:33:05]}
Be7 {[%clk 0:55:04]} 12. O-O-O {[%clk 1:26:09]} Nc5 {[%clk 0:51:28]} 13. Kb1
{[%clk 1:25:50]} O-O {[%clk 0:42:52]} 14. f5 {[%clk 1:22:23]} b5 {[%clk
0:41:13]} 15. Qf2 {[%clk 1:06:47]} Bb7 {[%clk 0:31:53]} 16. fxe6 {[%clk
0:54:49]} fxe6 {[%clk 0:31:41]} 17. Qh4 {[%clk 0:55:10]} Ng7 {[%clk 0:25:17]}
18. Qg4 {[%clk 0:47:22]} e5 {[%clk 0:21:00]} 19. Nb3 {[%clk 0:47:35]} Nxd3
{[%clk 0:19:21]} 20. cxd3 {[%clk 0:47:57]} Bc8 {[%clk 0:16:19]} 21. Qg3 {[%clk
0:48:05]} Be6 {[%clk 0:16:06]} 22. Rc1 {[%clk 0:45:22]} Qb7 {[%clk 0:15:45]}
23. Na5 {[%clk 0:39:52]} Qd7 {[%clk 0:12:44]} 24. Ne2 {[%clk 0:39:05]} Bd8
{[%clk 0:10:52]} 25. Rhf1 {[%clk 0:39:02]} Bb6 {[%clk 0:10:26]} 26. Bb4 {[%clk
0:35:25]} Bh3 {[%clk 0:08:40]} 27. Rxf8+ {[%clk 0:31:15]} Rxf8 {[%clk 0:09:09]}
28. Ng1 {[%clk 0:31:37]} Be6 {[%clk 0:07:54]} 29. Qe1 {[%clk 0:26:25]} Qf7
{[%clk 0:05:23]} 30. Bxd6 {[%clk 0:18:57]} Bxa2+ {[%clk 0:02:50]} 31. Ka1
{[%clk 0:19:22]} Bd4 {[%clk 0:03:03]} 32. Bxf8 {[%clk 0:15:44]} Kxf8 {[%clk
0:03:10]} 33. Nc6 {[%clk 0:11:15]} Qb3 {[%clk 0:01:48]} 34. Qb4+ {[%clk
0:11:27]} Qxb4 {[%clk 0:01:50]} 35. Nxb4 {[%clk 0:11:52]} Be6 {[%clk 0:01:34]}
36. Nf3 {[%clk 0:11:41]} Be3 {[%clk 0:01:37]} 37. Rc6 {[%clk 0:10:50]} Bf4
{[%clk 0:00:49]} 38. Nd5 {[%clk 0:09:54]} a5 {[%clk 0:00:35]} 39. Nxf4 {[%clk
0:07:45]} exf4 {[%clk 0:01:04]} 40. d4 {[%clk 0:08:06]} Ke7 {[%clk 0:00:41]}
41. d5 {[%clk 0:08:11]} Bg4 {[%clk 0:00:56]} 42. Ne5 {[%clk 0:08:12]} Be2
{[%clk 0:00:58]} 43. d6+ {[%clk 0:07:16]} 1-0